Engineering Documentation Control Handbook : (Record no. 11260)
[ view plain ]
| 000 -LEADER | |
|---|---|
| fixed length control field | 01363cam a2200289 a 4500 |
| 001 - CONTROL NUMBER | |
| control field | 15200254 |
| 005 - DATE AND TIME OF LATEST TRANSACTION | |
| control field | 20161206113507.0 |
| 008 - FIXED-LENGTH DATA ELEMENTS--GENERAL INFORMATION | |
| fixed length control field | 080229s2008 nyua b 001 0 eng |
| 010 ## - LIBRARY OF CONGRESS CONTROL NUMBER | |
| LC control number | 2008009802 |
| 020 ## - INTERNATIONAL STANDARD BOOK NUMBER | |
| International Standard Book Number | 9780815515951 |
| 040 ## - CATALOGING SOURCE | |
| Original cataloging agency | DLC |
| Transcribing agency | DLC |
| Modifying agency | DLC |
| 050 00 - LIBRARY OF CONGRESS CALL NUMBER | |
| Classification number | TA190 |
| Item number | .W38 2008 |
| 082 00 - DEWEY DECIMAL CLASSIFICATION NUMBER | |
| Classification number | 658.5 |
| Edition number | 22 |
| Item number | WAT |
| 100 1# - MAIN ENTRY--PERSONAL NAME | |
| Personal name | Watts, Frank B. |
| 9 (RLIN) | 3513 |
| 245 10 - TITLE STATEMENT | |
| Title | Engineering Documentation Control Handbook : |
| Remainder of title | Configuration Management in Industry / |
| Statement of responsibility, etc | Frank B. Watts |
| 250 ## - EDITION STATEMENT | |
| Edition statement | 3rd ed. |
| 260 ## - PUBLICATION, DISTRIBUTION, ETC. (IMPRINT) | |
| Place of publication, distribution, etc | Norwich, N.Y. : |
| Name of publisher, distributor, etc | W. Andrew, |
| Date of publication, distribution, etc | c2008. |
| 300 ## - PHYSICAL DESCRIPTION | |
| Extent | xix, 363 p. : |
| Other physical details | ill. ; |
| Dimensions | 23 cm. |
| 504 ## - BIBLIOGRAPHY, ETC. NOTE | |
| Bibliography, etc | Includes bibliographical references (p. 349) and index. |
| 505 0# - FORMATTED CONTENTS NOTE | |
| Formatted contents note | Product documentation -- Identification numbers -- Interchangeability -- Bill of material -- Potpourri -- Product and document release -- Change requests -- Change cost -- Change control -- Fast change -- Implementing process improvements -- Process standards and audits -- EDC and the supply chain -- Benchmarking -- CM in the future. |
| 650 #0 - SUBJECT ADDED ENTRY--TOPICAL TERM | |
| Topical term or geographic name as entry element | Engineering |
| General subdivision | Documentation. |
| 9 (RLIN) | 3515 |
| 650 #0 - SUBJECT ADDED ENTRY--TOPICAL TERM | |
| Topical term or geographic name as entry element | Configuration management. |
| 9 (RLIN) | 3516 |
| 650 #0 - SUBJECT ADDED ENTRY--TOPICAL TERM | |
| Topical term or geographic name as entry element | Production management. |
| 9 (RLIN) | 3517 |
| 650 #0 - SUBJECT ADDED ENTRY--TOPICAL TERM | |
| 9 (RLIN) | 3514 |
| Topical term or geographic name as entry element | Engineering |
| General subdivision | Management |
| 942 ## - ADDED ENTRY ELEMENTS (KOHA) | |
| Source of classification or shelving scheme | Dewey Decimal Classification |
| Item type | Reference (NB) |
| Withdrawn status | Item status | Source of classification or shelving scheme | Damaged status | Not for loan | Vendor | Home library | Current library | Shelving location | Date acquired | Source of acquisition | Cost, normal purchase price | Serial Enumeration / chronology | Total Checkouts | Full call number | Barcode | Date last seen | Koha item type |
|---|---|---|---|---|---|---|---|---|---|---|---|---|---|---|---|---|---|
| Dewey Decimal Classification | Baccah | Central Library | Central Library | Ground Floor | 09/04/2009 | 520.00 | 7117 | 658.5 WAT | 000015862 | 15/07/2025 | Reference (NB) |